000 00388nam a22001337a 4500
003 OSt
005 20251030055554.0
008 251030b |||||||| |||| 00| 0 eng d
040 _cKINGFISHER NEWYORK
050 _aDG 70 .P53 2002
245 _aPOMPEII
_bONE ROMAN CITY, ONE HOUSE...MORE THAN 2000 YEARS OF CHANGE
_cPLATT, RICHARD
260 _aNEW YORK
_bKINGFISHER
_c2002
942 _2lcc
_cBK
_n0
999 _c9732
_d9732